Biggest Cities once in the Mexican Empire - Statistics

General Stats
  • This quiz has been taken 147 times
  • The average score is 14 of 21
Answer Stats
Population City % Correct
22.8 mil Mexico City
99%
17.8 mil Los Angeles
91%
7.85 mil San Francisco
89%
7.1 mil Dallas
88%
6.6 mil Houston
87%
4.58 mil Phoenix
83%
2.18 mil San Antonio
81%
3.26 mil San Diego
81%
1.92 mil Austin
80%
5.25 mil Guadalajara
80%
4.93 mil Monterrey
77%
2.25 mil Las Vegas
68%
3.15 mil Guatemala City
58%
1.95 mil Tijuana
57%
2.08 mil Sacramento
55%
2.43 mil Salt Lake City
46%
1.48 mil Ciudad Juárez
44%
3.13 mil Puebla
43%
1.87 mil San Salvador
38%
1.91 mil León
23%
2.28 mil Toluca
23%
No matching quizzes found
Score Distribution
Percent of People with Each Score
Percentile by Number Answered
Your Score History
You have not taken this quiz